Oración apologética por la España y su merito literario (Record no. 154132)

MARC details
000 -LEADER
campo de control de longitud fija 01404nam a2200265 i 4500
001 - NÚMERO DE CONTROL
campo de control 154132
003 - IDENTIFICADOR DE NÚMERO DE CONTROL
campo de control ES-MaACL
005 - FECHA Y HORA DE LA ÚLTIMA TRANSACCIÓN
campo de control 20251014063218.0
008 - DATOS DE LONGITUD FIJA--INFORMACIÓN GENERAL
campo de control de longitud fija 931025s1786 sp |||| | spa d
040 ## - FUENTE DE CATALOGACIÓN
Centro catalogador/agencia de origen AS
Lengua de catalogación spa
Centro/agencia transcriptor PAB
100 1# - ENTRADA PRINCIPAL--NOMBRE DE PERSONA
Nombre de persona Forner, Juan Pablo,
Fechas asociadas al nombre 1756-1797
9 (RLIN) 51775
245 10 - MENCIÓN DEL TÍTULO
Título Oración apologética por la España y su merito literario
Resto del título : para que sirva de exornación al discurso leido por el Abate Denina en la Academia de Ciencias de de Berlin ... /
Mención de responsabilidad, etc. por D. Juan Pablo Forner. Reponse à la question que doit-on á l'Espagne? : discours du à l'Academie de Berlin dans l'assemblée publique du 26 janvier l'an 1786 ... / par Mr. L'Abbé Denina.
260 ## - PUBLICACIÓN, DISTRIBUCIÓN, ETC.
Lugar de publicación, distribución, etc. En Madrid :
Nombre del editor, distribuidor, etc. en la Imprenta Real,
Fecha de publicación, distribución, etc. 1786.
300 ## - DESCRIPCIÓN FÍSICA
Extensión [2], XVII, 228, 86, [4], 44, [2] p., [1] h. en bl. ;
Dimensiones 8º.
505 80 - NOTA DE CONTENIDO CON FORMATO
Nota de contenido con formato Contiene: Reponse a la question que doit-on á l´Espagne?: discours lu a l´academie de Berlin...26 janvier lán 1786
530 ## - NOTA DISPONIBLE DE FORMULARIO FÍSICO ADICIONAL
Nota de formato físico adicional disponible Disponible en formato digital.
597 ## - NOTA DE DESCRIPCIÓN FÍSICA
NOTA DE DESCRIPCIÓN FÍSICA Sign.: A-X8, A-C8, [ ]2.
597 ## - NOTA DE DESCRIPCIÓN FÍSICA
NOTA DE DESCRIPCIÓN FÍSICA Segunda obra con port. y paginación propias.
651 #4 - PUNTO DE ACCESO ADICIONAL DE MATERIA--NOMBRE GEOGRÁFICO
Nombre geográfico España-
Subdivisión general Civilización.
9 (RLIN) 8163
700 0# - ENTRADA AGREGADA--NOMBRE PERSONAL
Nombre de persona Denina, Carlo.
9 (RLIN) 43695
852 ## - LOCALIZACIÓN
Ubicación ES-MaACL
Número de control de estantería R-1880
Nota libre -- Enc. pasta española
Encuadernación -- Olim: F-4691
856 ## - LOCALIZACIÓN Y ACCESO ELECTRÓNICOS
Identificador Uniforme de Recursos <a href="http://bdh-rd.bne.es/viewer.vm?id=0000124601&page=1 ">http://bdh-rd.bne.es/viewer.vm?id=0000124601&page=1 </a>
Nota pública Biblioteca Digital Hispánica
Holdings
Estatus retirado Estado de pérdida Estado de daño No para préstamo Colección Biblioteca de origen Biblioteca actual Ubicación en estantería Fecha de adquisición Fuente de adquisición Total de préstamos Signatura topográfica completa Código de barras Visto por última vez Precio de reemplazo Tipo de ítem Koha
        Colección digital Biblioteca del Ateneo de Madrid Biblioteca del Ateneo de Madrid Depósito 17/01/2008     R-1880 1161166 23/02/2023 23/02/2023 Libro impreso antiguo